000
00325nam a2200109Ia 4500
008
200302s9999 xx 000 0 und d
100
_a
Jeffrey S. Haberl, & Others
245
_a
The use of Artificial Intelligence in Building Systems
260
_b
American Society of Heating Engineers Inc.
260
_c
1995
300
_a
216 P.,
999
_c
2055
_d
2055